| 000 | 00478nam a22001817a 4500 | ||
|---|---|---|---|
| 003 | MPLRDC | ||
| 005 | 20220104143725.0 | ||
| 008 | 210129b ||||| |||| 00| 0 eng d | ||
| 082 | _a857.62 CHRIS-2 v.4 c.3 | ||
| 100 | _aAGATHA CHRISTIE | ||
| 245 |
_a复仇的女神 _c均宜 译 |
||
| 250 | _a初版 | ||
| 260 |
_a _b香港世界出版社 _c1980 |
||
| 300 | _b平 | ||
| 490 | _a阿嘉莎. 克莉丝蒂选集 | ||
| 650 | _a推理小说 | ||
| 942 |
_cBK _o857.62 CHRIS-2 v.4 c.3 |
||
| 999 |
_c42720 _d42710 |
||